000 00314nam a22001337a 4500
003 SGT
082 _a923.154
_bP90C
100 _aATTAR, CHAND
245 _aPRIME MINISTER V.P SINGH GREAT EXPECTATIONS
260 _aINDIA
_bH.K PUB.
_c1990
300 _a299
650 _aPRIME MINISTER OF INDIA
942 _2ddc
_cBK
999 _c25880
_d25880